| 000 | 00395nam a22001457a 4500 | ||
|---|---|---|---|
| 003 | MACL | ||
| 005 | 20190911165241.0 | ||
| 008 | 190911b xxu||||| |||| 00| 0 eng d | ||
| 040 | _c MACL | ||
| 100 |
_aKalyan Sagar Nippani and B K Murthy _976634 |
||
| 245 | _aDigital India : Governance Transformation | ||
| 260 |
_aDelhi _bVitasta _c2017 |
||
| 650 |
_aAdministration _976635 |
||
| 942 |
_2ddc _cBK |
||
| 999 |
_c60991 _d60991 |
||